| 000 | 02239 a2200253 4500 | ||
|---|---|---|---|
| 003 | NALT | ||
| 005 | 20260216110529.0 | ||
| 008 | 200529b th ||||| |||| 00| 0 tha d | ||
| 020 | _a9786162697685 | ||
| 040 | _a์NALT | ||
| 090 |
_aKE 11 _bส274ห 2562 |
||
| 100 | 0 |
_aสมยศ เชื้อไทย _99365 |
|
| 245 | 1 | 0 |
_aหลักกฎหมายมหาชนเบื้องต้น = _bIntroduction to Public Law _cสมยศ เชื้อไทย. |
| 246 | 1 | 4 |
_aกฎหมายมหาชนเบื้องต้น = _bIntroduction to Public Law |
| 250 | _aพิมพ์ครั้งที่ 13 | ||
| 260 |
_aกรุงเทพฯ : _bวิญญูชน, _c2562. |
||
| 300 |
_a272 หน้า : _bแผนภาพ ; _c23 ซม. |
||
| 505 | 0 | _aภาคหนึ่ง ลักษณะกฎหมายมหาชน ; การแบ่งแยกระหว่างกฎหมายมหาชนและกฎหมายเอกชน ; ประโยชน์มหาชน ; กฎหมายมหาชนในรัฐสมัยใหม่ ; การแบ่งแยกสาขาของกฎหมายมหาชน -- ภาคสอง รัฐ : สถาบันกฎหมายมหาชน ; หมวด 1 รัฐ : พิเคราะห์ในแง่ประวัติศาสตร์ ; หมวด 2 รัฐ : พิเคราะห์ในแง่ข้อคิด -- ภาคสาม : การจัดระเบียบองค์กรของรัฐ ; ความเป็นนิติบุคคลของรัฐ ; องค์กรของรัฐ ; การกระทำของรัฐ -- ภาคสี่ การกระทำทางปกครอง : การใช้กฎหมายและดุลยพินิจทางปกครอง ; นิติกรรมทางปกครอง. | |
| 650 | 4 |
_92028 _aกฎหมายมหาชน |
|
| 653 | 4 | _aการกระทำทางปกครอง | |
| 850 | _aNALT | ||
| 942 |
_2local _cLB |
||
| 998 |
_c103 _j111 _k นางสาวพจพิณ พรมเอี่ยม |
||
| 999 |
_c96823 _d96823 |
||